MDQL
is popping MORE tags! Check the
thread
!
Quizzes
Events
Quiz Creation
Community
Videos
Private Events
Remove Ads
Sign In
Join for FREE
Feedback
Dark Mode
Quiz Categories
Sports
Geography
Music
Movies
Television
Just For Fun
Miscellaneous
History
Literature
Language
Science
Gaming
Entertainment
Religion
Holiday
For Kids
Quiz Lab
Recent
Popular Today
Quiz Kudos Today
Editor Picks
Curator Picks
Quizzes by...
Day
Popularity
Type
Ratings
Length
Year
Community
Subscriptions
Recent Discussions
Orange Saloon
Badges
Playlists
Quests
Create
Leaderboards
Showdown
Live 5
Trivia Bingo
Activity
Puzzle Library
Sporcle Events
Private Events
Virtual Trivia
Globe League
Become a Host
Pub Owners
SporcleCon
Opinionation
Our Games
Videos
Blog
Mobile Apps
Partnerships
Remove Ads and Go Orange
Feedback
Music
Pop Music
The Beatles
Song
Album
Lyrics
Bands
Singers
Artist
Clip
Rock
Rap
Classical
Billboard
Country Music
Kpop
Taylor Swift
Music
Pop Music
The Beatles
Song
Album
Lyrics
Bands
Singers
Artist
Clip
Rock
Rap
Classical
Billboard
Country Music
Kpop
Taylor Swift
Random Quiz
Search Sporcle
×
Quiz Lab
Quiz Lab
Music
Song
Type in answers that appear in a list
Type in answers that appear in a list
Classic
Best Score? Go Orange.
70s chart hits Stats
Can you name the 70s chart hits?
By
lightning_clo
20m
62 Questions
28 Plays
28 Plays
28 Plays
Comments
Comments
Give Quiz Kudos
Give Quiz Kudos
-
- Ratings
hide this ad
Replay
Link that replays current quiz
Next Quiz
Link to next quiz in quiz playlist
You Got
0%
They Got
Avg Score
46%
Avg Friend Score
Upgrade to see
Score Distribution
Jump to the score distribution portion of the page
Score
0/62
Timer
20:00
0
Plays Today
song
Answer
% Correct
heart of glass
blondie
96.4%
y.m.c.a
village people
92.9%
bohemian rhapsody
queen
85.7%
in the summertime
mungo jerry
85.7%
bridge over troubled water
Simon and Garfunkel
85.7%
Maggie may/
reason to believe
rod Stewart
85.7%
seasons in the sun
Terry jacks
85.7%
dancing queen
abba
85.7%
my sweet lord
George harrison
82.1%
mull of kintyre
wings
78.6%
puppy love
donny Osmond
78.6%
im not in love
10CC
78.6%
kung fu fighting
carl Douglas
71.4%
all right now
free
67.9%
spirit in the sky
norman greenbaum
64.3%
knock three times
dawn
64.3%
when I need you
leo sayer
64.3%
band of gold
freda payne
60.7%
without you
nilsson
60.7%
american pie
don maclean
60.7%
stand by your man
Tammy Wynette
60.7%
rivers of Babylon/
brown girl in the ring
boney m
57.1%
don't give up on
david soul
57.1%
when will I see you again
three degrees
53.6%
merry xmas everybody
slade
50%
tiger feet
mud
50%
the wonder of you
elvis presley
46.4%
I'm still waiting
diana ross
46.4%
blockbuster
the sweet
46.4%
wanderin' star
lee Marvin
42.9%
gonna make you a star
david Essex
39.3%
song
Answer
% Correct
bye bye baby
bay city rollers
39.3%
yellow river
christie
35.7%
hot love
t rex
35.7%
see my baby jive
wizzard
35.7%
dont cry for me Argentina
Julie covington
35.7%
son of my father
chicory tip
32.1%
welcome home
Peters and lee
32.1%
billy, don't be a hero
paper lace
32.1%
she
charles Aznavour
32.1%
save your kisses for me
brotherhood of man
32.1%
chirpy chirpy cheep cheep
middle of the road
28.6%
rock & roll
Gary glitter
28.6%
daydreamer/
puppy song
david Cassidy
28.6%
sugar baby love
rubettes
28.6%
Mississippi
pussycat
28.6%
a little bit more
dr hook
28.6%
I love to love
tina charles
28.6%
back home
England World Cup squad
25%
the pushbike song
mixtures
25%
never ending song of love
new seekers
21.4%
mouldy old dough
lieutenant pigeon
21.4%
eye level
simon park orchestra
21.4%
something
shirley bassey
17.9%
hey girl don't bother me
the tams
17.9%
I only have eyes for you
art Garfunkel
17.9%
the last farewell
roger Whittaker
17.9%
everything I own
ken boothe
14.3%
amazing grace
royal Scots dragoon guards
10.7%
mother of mine
neil reid
10.7%
can't give you anything ( but my love)
stylistics
10.7%
rock your baby
George mccrue
3.6%
Quiz Playlist
Details
Report
Send in Message
Add To Playlist
Classic:
Type in answers that appear in a list
Last Updated: Aug 13, 2017
Quiz Scoreboard
CHALLENGE
Sign Up to Join the Scoreboard
Show All
Scores
Hide
Comments
May contain spoilers
Recently Published
Image Sorting: Flags VI
by Barbecue
Geography
2m
Find the 'City' Movie
by crazypaving
Movies
60s
5x2 Blitz: Bands
by SL_Kpop136
Music
30s
More to Explore
Quiz From the Vault
Featured Blog Post
14 Easter Pick-up Lines to Find Eggs With
hide this ad
You Might Also Like...
Tags
Song Quiz
chart
hit
Today's Top Quizzes in Music
Browse Music
hide this ad
Today's Top Quizzes in Song
Browse Song
Top Contributed Quizzes in Music
1
5X2 Blitz: Bands II
2
5X2 Blitz: The Beatles
3
Taylor Swift All Songs (2024)
4
5X2 Blitz: Billboard
5
5X2 Blitz: Billboard II
6
5X2 Blitz: Album
7
Taylor Swift Logic Puzzle II
8
5X2 Blitz: Singers
9
5X2 Blitz: Rock
10
5X2 Blitz: Lyrics
Explore More
Trending Topics
NBA
Kpop
Anime
Harry Potter
Crossword
Marvel
Disney
Puzzle
Pokémon
NFL
The Office
Soccer
Song
WWE
Country
hide this ad
More By:
lightning_clo
Quiz
Plays
Rating
Category
Featured
Created
Guess the artist by song
78
Music
Aug 10, 2017
70s chart hits
28
2.00
Music
Aug 11, 2017
70s song quiz
28
1.00
Music
Aug 10, 2017
phineas and ferb quiz
24
Television
Aug 11, 2017
Go to Creator's Profile
Score Distribution
Quiz Creator Spotlight
lightning_clo
Follow
Send a Message
Quizzes Created
-
Created Quiz Play Count
-
More By This Creator
Popular Quizzes Today
1
Colored Red Africa Blitz
2
Find the US States - No Outlines Minefield
3
Find the 'City' Movie
4
5x2 Blitz: Bands
5
The Countries of the World
6
Find the US States
7
Find the Countries of Europe - No Outlines Minefield
8
US States
More Music Quizzes
Michael Jackson Songs
Published
Trending Quizzes
Colored Red Europe Blitz I
Colored Red Europe Blitz II
Colored Red Africa Blitz II
Colored Red Europe Blitz III
Colored Red Africa Blitz III
Recently Updated
How Do You Spell That?
pecheneg
Godzilla Movies
pecheneg
Grab Bag: 4-10 Letters
pecheneg
2024 March Madness Bracket
pecheneg
Famous TV Couples
Peacemaker
Champions League XIs: Real Madrid
pecheneg
Largest US Cities 1790-2010
pecheneg
Rides in Walt Disney World
pecheneg
Most Oscar Losses (Acting)
pecheneg
Beyoncé Albums
pecheneg
Trending Topics
NBA
Crossword
Anime
Harry Potter
Kpop
Disney
Marvel
Soccer
WWE
Puzzle
Pokémon
NFL
Country
Song
The Office
Your Account Isn't Verified!
In order to create a playlist on Sporcle, you need to verify the email address you used during registration. Go to your
Sporcle Settings
to finish the process.
Report this User
Report this user for behavior that violates our
Community Guidelines
.
Details:
Send Report
Go to the Sporcle.com Mobile Site →
Comments